[Event "Int. Stuttgarter Stadtmeisterschaft B"]
[Site "Ditzingen"]
[Date "2013.05.10"]
[Round "4.2"]
[White "Luft, Jakob"]
[Black "Rühl, Volker"]
[Result "1/2-1/2"]
[WhiteElo "1874"]
[BlackElo "1817"]
[PlyCount "109"]
[EventDate "2013.??.??"]
[WhiteTeam "SF Oeffingen e.V."]
[BlackTeam "VfL Sindelfingen"]

1. e4 e6 2. d4 d5 3. Nd2 dxe4 4. Nxe4 Nd7 5. Bd3 Ngf6 6. Ne2 Nxe4 7. Bxe4 Nf6
8. Bd3 Bd7 9. Bf4 Bd6 10. Qd2 Bc6 11. O-O-O Bxf4 12. Qxf4 Qd6 13. f3 Qxf4+ 14.
Nxf4 g5 15. Ne2 O-O-O 16. h3 h6 17. c3 a5 18. Ng3 h5 19. Be4 Bb5 20. Bd3 Bxd3
21. Rxd3 Nd5 22. Ne4 Rhg8 23. g3 Rg6 24. a3 Nf6 25. Re1 Nxe4 26. Rxe4 Rd6 27.
Kd2 Kd7 28. c4 b6 29. b4 Rg8 30. Kc3 Ra8 31. b5 c6 32. h4 cxb5 33. cxb5 Rd5 34.
a4 Ke7 35. hxg5 Rxg5 36. f4 Rd5 37. Re5 Rc8+ 38. Kb3 Rcd8 39. Rxd5 Rxd5 40. Kc4
Rd8 41. Rd1 Rg8 42. Rd3 Rc8+ 43. Kb3 Kd6 44. Re3 Kd5 45. Re5+ Kxd4 46. Rxh5
Rc3+ 47. Kb2 Rxg3 48. Rh7 Kc4 49. Rxf7 Kb4 50. Rb7 Rg2+ 51. Kc1 Kxa4 52. Rxb6
Rf2 53. Rxe6 Kxb5 54. Re5+ Ka4 55. Re4+ 1/2-1/2

[Event "Int. Stuttgarter Stadtmeisterschaft B"]
[Site "Ditzingen"]
[Date "2013.05.10"]
[Round "4.3"]
[White "Winkler, Tim"]
[Black "Pudmensky, Stefan"]
[Result "1-0"]
[WhiteElo "1816"]
[BlackElo "1829"]
[PlyCount "115"]
[EventDate "2013.??.??"]
[WhiteTeam "SF Deizisau"]
[BlackTeam "SF Oeffingen e.V."]

1. e4 c5 2. Nf3 d6 3. d4 cxd4 4. Nxd4 Nf6 5. f3 e5 6. Nb3 d5 7. exd5 Qxd5 8.
Qxd5 Nxd5 9. Bd2 Nc6 10. a3 Be6 11. Bc4 Ne3 12. Bxe3 Bxc4 13. N1d2 Bxb3 14.
Nxb3 Rd8 15. Ke2 Be7 16. Rhd1 O-O 17. c3 b6 18. a4 Rxd1 19. Kxd1 Rd8+ 20. Kc2
f5 21. a5 b5 22. a6 Rd7 23. Na5 Nb8 24. Nb7 Nxa6 25. Rxa6 Rxb7 26. Rxa7 Rxa7
27. Bxa7 Kf7 28. c4 bxc4 29. Kc3 Ke6 30. Kxc4 Bg5 31. b4 e4 32. fxe4 fxe4 33.
Kd4 Kf5 34. b5 Bf6+ 35. Ke3 Bg5+ 36. Ke2 Be7 37. Bf2 Ke6 38. b6 Kd7 39. Bd4 Bd6
40. g3 Kc6 41. Ke3 g6 42. Kxe4 h5 43. Be5 Bc5 44. Bc7 h4 45. gxh4 Be7 46. Bg3
Kxb6 47. Ke5 Kc7 48. Ke6+ Kd8 49. Kf7 Kd7 50. Kxg6 Ke8 51. Kg7 Bf8+ 52. Kg8 Bh6
53. h5 Ke7 54. Be5 Ke6 55. Bg7 Kf5 56. Bxh6 Kg4 57. Bf4 Kxh5 58. Bg3 1-0

[Event "Int. Stuttgarter Stadtmeisterschaft B"]
[Site "Ditzingen"]
[Date "2013.05.10"]
[Round "4.4"]
[White "Gorb, Eugeniusz"]
[Black "Streicher, Traugott"]
[Result "0-1"]
[WhiteElo "1630"]
[BlackElo "1865"]
[PlyCount "82"]
[EventDate "2013.??.??"]
[WhiteTeam "SC Gross-Sachsenheim"]
[BlackTeam "TSG Steinheim"]

1. e4 c5 2. Nf3 g6 3. d4 cxd4 4. Nxd4 Bg7 5. Bc4 Nc6 6. Be3 Nf6 7. Nxc6 bxc6 8.
e5 Qa5+ 9. Nd2 Qxe5 10. c3 d5 11. Qa4 O-O 12. Be2 Qc7 13. O-O e5 14. Qh4 c5 15.
Bg5 Qb6 16. Rad1 Bb7 17. Kh1 Rae8 18. Qg3 Nd7 19. Bg4 f5 20. Be2 h6 21. Bh4 g5
22. Bxg5 hxg5 23. Qxg5 Qf6 24. Qg3 Bc6 25. Nb3 f4 26. Qg4 e4 27. Na5 Ne5 28.
Qh5 f3 29. gxf3 exf3 30. Bd3 Nxd3 31. Rxd3 Re5 32. Qh3 Bb5 33. Rdd1 Bxf1 34.
Rxf1 Rfe8 35. Nb3 Re1 36. Nxc5 Qh4 37. Qxf3 Rxf1+ 38. Kg2 Rfe1 39. Qxd5+ Kh8
40. Qf3 Rg8 41. Ne4 Qxe4 0-1

[Event "Int. Stuttgarter Stadtmeisterschaft B"]
[Site "Ditzingen"]
[Date "2013.05.10"]
[Round "4.5"]
[White "Baumeister, Jürgen"]
[Black "Bischof, Jan"]
[Result "1-0"]
[WhiteElo "1849"]
[BlackElo "1574"]
[PlyCount "79"]
[EventDate "2013.??.??"]
[WhiteTeam "SC Asperg"]
[BlackTeam "SGem Vaihingen-Rohr"]

1. d4 f5 2. e4 e6 3. exf5 exf5 4. Bd3 d6 5. Nc3 Be7 6. Qf3 Nf6 7. Bg5 O-O 8.
O-O-O Nc6 9. Bxf6 Bxf6 10. Bc4+ Kh8 11. Nge2 Bd7 12. h4 a6 13. a3 b5 14. Ba2 b4
15. axb4 Nxb4 16. Bc4 c6 17. Nf4 d5 18. Bb3 a5 19. Na4 Re8 20. h5 Bg5 21. Kb1
Bxf4 22. Qxf4 Re4 23. Qf3 Na6 24. c3 Rb8 25. Bc2 c5 26. Nxc5 Nxc5 27. dxc5 Ba4
28. Bxa4 Rxa4 29. Rxd5 Qe8 30. Rd2 Re4 31. h6 gxh6 32. Rhd1 Qf8 33. Rd6 Qe8 34.
Qd3 Re2 35. Rd2 Re1+ 36. Rd1 Re2 37. Rb6 Rc8 38. Qxf5 h5 39. Qd5 Qg6+ 40. Rxg6
1-0

[Event "Int. Stuttgarter Stadtmeisterschaft B"]
[Site "Ditzingen"]
[Date "2013.05.10"]
[Round "4.6"]
[White "Spielberger, Horst"]
[Black "Kleih, Julian"]
[Result "0-1"]
[WhiteElo "1893"]
[BlackElo "1713"]
[PlyCount "78"]
[EventDate "2013.??.??"]
[WhiteTeam "SC Ismaning"]
[BlackTeam "SV Dettingen Erms"]

1. c3 Nf6 2. d4 b6 3. f3 d5 4. Bg5 e6 5. e3 c5 6. Bd3 Nbd7 7. f4 Be7 8. Nf3 Ne4
9. Bxe7 Qxe7 10. O-O O-O 11. Nbd2 f5 12. a4 a6 13. c4 Ndf6 14. Ne5 Bb7 15. a5
Nxd2 16. Qxd2 dxc4 17. Nxc4 cxd4 18. exd4 b5 19. Ne5 Rfd8 20. Be2 Ne4 21. Qe3
Qb4 22. Nf3 Qxb2 23. Rfb1 Qc3 24. Bd3 Rac8 25. Rc1 Qb4 26. Rcb1 Qd6 27. Bxe4
fxe4 28. Ng5 Qxd4 29. Qxd4 Rxd4 30. Nxe6 Rd2 31. Rc1 e3 32. Rxc8+ Bxc8 33. Ng5
e2 34. Re1 Bf5 35. Nf3 Ra2 36. Ne5 b4 37. Kf2 b3 38. Rc1 b2 39. Re1 b1=Q 0-1

[Event "Int. Stuttgarter Stadtmeisterschaft B"]
[Site "Ditzingen"]
[Date "2013.05.10"]
[Round "4.7"]
[White "Hamm, Julian"]
[Black "Pocrnic, Josip"]
[Result "1-0"]
[WhiteElo "1750"]
[BlackElo "1865"]
[PlyCount "91"]
[EventDate "2013.??.??"]
[WhiteTeam "Mönchfelder SV 1967"]
[BlackTeam "SF 1954 Conweiler e.V."]

1. c4 c5 2. Nc3 Nf6 3. g3 Nc6 4. Bg2 g6 5. Nf3 Bg7 6. O-O O-O 7. d3 d6 8. Bd2
Re8 9. Rb1 Bd7 10. a3 Rb8 11. b4 b6 12. b5 Nd4 13. Nxd4 cxd4 14. Na2 Qc8 15.
Nb4 Bh3 16. Nc6 Bxg2 17. Kxg2 Qb7 18. Kg1 Ra8 19. Nxd4 Ne4 20. Nc6 Nxd2 21.
Qxd2 a5 22. a4 Bf8 23. e4 Rec8 24. f4 Bg7 25. f5 Rxc6 26. bxc6 Qxc6 27. Rb5
Bd4+ 28. Kg2 Kg7 29. Qf4 f6 30. h4 Qd7 31. g4 Rf8 32. fxg6 hxg6 33. h5 Be5 34.
Qf3 e6 35. hxg6 Rh8 36. Rh1 Rxh1 37. Kxh1 Kxg6 38. Qh3 Qc7 39. Qh5+ Kg7 40. g5
fxg5 41. Qxg5+ Kf8 42. Qg6 Qe7 43. Qh6+ Bg7 44. Qf4+ Bf6 45. Rxb6 e5 46. Qf5
1-0

[Event "Int. Stuttgarter Stadtmeisterschaft B"]
[Site "Ditzingen"]
[Date "2013.05.10"]
[Round "4.8"]
[White "Erfle, Christian"]
[Black "Wiessner, Johann"]
[Result "1/2-1/2"]
[WhiteElo "1724"]
[BlackElo "1861"]
[PlyCount "22"]
[EventDate "2013.??.??"]
[WhiteTeam "SC Tamm 74"]
[BlackTeam "SC Lechhausen"]

1. c4 c6 2. Nf3 d5 3. d4 Nf6 4. Nc3 e6 5. cxd5 exd5 6. Bg5 Be7 7. e3 Bf5 8. Bd3
Bxd3 9. Qxd3 Nbd7 10. O-O O-O 11. Rac1 Rc8 1/2-1/2

[Event "Int. Stuttgarter Stadtmeisterschaft B"]
[Site "Ditzingen"]
[Date "2013.05.10"]
[Round "4.9"]
[White "Vogel, Karlheinz"]
[Black "Muench, Werner"]
[Result "1/2-1/2"]
[WhiteElo "1706"]
[BlackElo "1841"]
[PlyCount "29"]
[EventDate "2013.??.??"]
[WhiteTeam "TSV Untergruppenb."]
[BlackTeam "SC Widdern"]

1. d4 d5 2. c4 c6 3. cxd5 cxd5 4. Nc3 Nf6 5. Bf4 e6 6. Rc1 Nc6 7. Nf3 a6 8. a3
Be7 9. e3 Nh5 10. Be5 Nxe5 11. Nxe5 Nf6 12. Bd3 Bd7 13. O-O Rc8 14. h4 g6 15.
Qf3 1/2-1/2

[Event "Int. Stuttgarter Stadtmeisterschaft B"]
[Site "Ditzingen"]
[Date "2013.05.10"]
[Round "4.10"]
[White "Bälz, Jürgen"]
[Black "Weis, Oleg"]
[Result "1-0"]
[WhiteElo "1833"]
[BlackElo "1703"]
[PlyCount "45"]
[EventDate "2013.??.??"]
[WhiteTeam "TSV Willsbach"]

1. d4 d5 2. c4 e6 3. g3 Nf6 4. Nf3 c5 5. e3 Nc6 6. cxd5 Nxd5 7. Bg2 c4 8. O-O
Bd7 9. Nfd2 b5 10. e4 Nb6 11. b3 Nxd4 12. bxc4 Rc8 13. Bb2 Qf6 14. Kh1 e5 15.
f4 exf4 16. e5 Qh6 17. Bxd4 fxg3 18. Nf3 Bc6 19. Qe2 Bxf3 20. Bxf3 Qxh2+ 21.
Qxh2 gxh2 22. cxb5 Rc2 23. Nc3 1-0

[Event "Int. Stuttgarter Stadtmeisterschaft B"]
[Site "Ditzingen"]
[Date "2013.05.10"]
[Round "4.11"]
[White "Graf, Maximilian"]
[Black "Shahisavandi, Abdollah"]
[Result "1-0"]
[WhiteElo "1731"]
[BlackElo "1833"]
[PlyCount "75"]
[EventDate "2013.??.??"]
[WhiteTeam "SK e4 Gerlingen"]
[BlackTeam "Karlsruher SF 1853"]

1. e4 e5 2. Nf3 Nc6 3. Bc4 Be7 4. d4 exd4 5. Nxd4 d6 6. Nxc6 bxc6 7. O-O Nf6 8.
Nc3 O-O 9. Re1 Bg4 10. Qd3 Nd7 11. f3 Bh5 12. f4 Nb6 13. Bb3 Bg4 14. f5 Nd7 15.
h3 Bh5 16. g4 Bh4 17. Rf1 Nc5 18. Qf3 Nxb3 19. axb3 Bg6 20. Kg2 Bf6 21. fxg6
hxg6 22. Bf4 g5 23. Bd2 Qe7 24. Rae1 Rae8 25. Qe3 a6 26. Qd3 Be5 27. Qxa6 f5
28. Rxf5 g6 29. Bxg5 Qd7 30. Rxf8+ Rxf8 31. Rf1 Re8 32. Qe2 d5 33. Qf3 Bxc3 34.
Qxc3 Rxe4 35. Rf6 Qe8 36. Bh6 Re2+ 37. Kg1 Re7 38. Rf8+ 1-0

[Event "Int. Stuttgarter Stadtmeisterschaft B"]
[Site "Ditzingen"]
[Date "2013.05.10"]
[Round "4.12"]
[White "Rieder, Josef"]
[Black "Awiszus, Thomas"]
[Result "1-0"]
[WhiteElo "1818"]
[BlackElo "1613"]
[PlyCount "87"]
[EventDate "2013.??.??"]
[WhiteTeam "Stuttgarter SF 1879"]
[BlackTeam "SK Schmiden/Cannstatt"]

1. e4 d6 2. Nf3 Nf6 3. Nc3 g6 4. Bc4 Bg7 5. d4 O-O 6. O-O c6 7. Bb3 b5 8. e5
Nfd7 9. e6 fxe6 10. Bxe6+ Kh8 11. Ng5 Qe8 12. d5 h6 13. dxc6 Nxc6 14. Nge4 Nf6
15. Nxf6 Rxf6 16. Bxc8 Rxc8 17. Nxb5 Rf5 18. Na3 Rh5 19. c3 Be5 20. f4 Bg7 21.
Nc2 Qd8 22. Be3 e5 23. Qg4 exf4 24. Bxf4 Ne5 25. Qe6 Rb8 26. b3 Kh7 27. Rad1
Rb6 28. g4 Rh3 29. Bxe5 dxe5 30. Rxd8 Rxe6 31. c4 Re7 32. Kg2 Rc3 33. Rf2 e4
34. Re2 Be5 35. Ne3 Rc1 36. Nd5 Rf7 37. Re8 Bd4 38. Re7 Rg1+ 39. Kh3 Rgf1 40.
Rxf7+ Rxf7 41. Kg2 e3 42. Nxe3 Re7 43. Kf3 Kg7 44. Nf5+ 1-0

[Event "Int. Stuttgarter Stadtmeisterschaft B"]
[Site "Ditzingen"]
[Date "2013.05.10"]
[Round "4.13"]
[White "Michna, Marcus"]
[Black "Zeitler, Waldemar"]
[Result "1/2-1/2"]
[WhiteElo "1789"]
[BlackElo "1523"]
[PlyCount "120"]
[EventDate "2013.??.??"]
[WhiteTeam "TSF Ditzingen"]
[BlackTeam "SC Gross-Sachsenheim"]

1. d4 d5 2. Bf4 Nf6 3. e3 e6 4. Nf3 Nc6 5. h3 Bd6 6. Bxd6 Qxd6 7. a3 h6 8. Nbd2
Ne4 9. Bb5 O-O 10. O-O a6 11. Be2 Bd7 12. c4 Rad8 13. Nxe4 dxe4 14. Nd2 f5 15.
Qc2 Rb8 16. Rad1 Qe7 17. f3 Qg5 18. Qc3 exf3 19. Nxf3 Qg3 20. Qe1 Qxe1 21.
Rfxe1 Ne7 22. b3 c6 23. Ne5 Be8 24. Rf1 Rd8 25. Bf3 Bf7 26. Rf2 g6 27. g4 Kg7
28. Kg2 Be8 29. Be2 g5 30. Kg3 Bg6 31. b4 Be8 32. h4 b5 33. hxg5 hxg5 34. Rh2
Rh8 35. Rxh8 Kxh8 36. Nf3 fxg4 37. Nxg5 Nf5+ 38. Kf4 Bg6 39. Bxg4 e5+ 40. Kf3
Kg8 41. Bxf5 Bxf5 42. c5 Kg7 43. Rg1 Kf8 44. e4 Bc8 45. Ke3 exd4+ 46. Kd3 Ke7
47. Nf3 Be6 48. Ne5 Bc4+ 49. Nxc4 bxc4+ 50. Kxc4 Ke6 51. Kd3 Ke5 52. Rg6 Rh8
53. Rg5+ Ke6 54. Kxd4 Rh3 55. Rg6+ Kd7 56. Rd6+ Kc7 57. e5 Rxa3 58. e6 Ra1 59.
Kc3 Re1 60. Rd7+ Kc8 1/2-1/2

[Event "Int. Stuttgarter Stadtmeisterschaft B"]
[Site "Ditzingen"]
[Date "2013.05.10"]
[Round "4.14"]
[White "Fuchs, Egbert"]
[Black "Tölg, Wolfgang"]
[Result "1/2-1/2"]
[WhiteElo "1706"]
[BlackElo "1782"]
[PlyCount "81"]
[EventDate "2013.??.??"]
[WhiteTeam "SVG Vaihingen/Enz"]
[BlackTeam "SF Oeffingen e.V."]

1. e4 e5 2. Nf3 Nc6 3. d4 exd4 4. Bc4 Bc5 5. c3 dxc3 6. Bxf7+ Kf8 7. Bxg8 Rxg8
8. Nxc3 d6 9. O-O Bg4 10. h3 Bh5 11. g4 Bg6 12. Ng5 Qd7 13. Qf3+ Ke8 14. Qg3
Rf8 15. Bf4 Nd4 16. h4 h6 17. Nh3 Bxe4 18. Rae1 d5 19. Nxe4 dxe4 20. Rxe4+ Kf7
21. Rfe1 Kg8 22. Kg2 Bb6 23. g5 Nf5 24. Qb3+ Kh7 25. Be5 Qc6 26. f3 h5 27. g6+
Qxg6+ 28. Kh2 Rad8 29. Ng5+ Kh8 30. R1e2 Nxh4 31. Bg3 Qxg5 32. Bxh4 Qg1+ 33.
Kh3 Qf1+ 34. Kg3 Rd6 35. Re5 g6 36. Be7 h4+ 37. Bxh4 Qg1+ 38. Kh3 Qh1+ 39. Kg3
Qg1+ 40. Kh3 Qh1+ 41. Kg3 1/2-1/2

[Event "Int. Stuttgarter Stadtmeisterschaft B"]
[Site "Ditzingen"]
[Date "2013.05.10"]
[Round "4.16"]
[White "Tsybulevsky, Juri"]
[Black "Zerweck, Christoph"]
[Result "1/2-1/2"]
[WhiteElo "1676"]
[BlackElo "1774"]
[PlyCount "82"]
[EventDate "2013.??.??"]
[WhiteTeam "Stuttgarter SF 1879"]
[BlackTeam "SV Herrenberg e.V."]

1. d4 Nf6 2. c4 d6 3. Nc3 g6 4. e4 Bg7 5. h3 O-O 6. Be3 Nbd7 7. Nf3 c6 8. Be2
e5 9. d5 cxd5 10. cxd5 b6 11. O-O Nc5 12. Nd2 Ne8 13. b4 Nd7 14. a4 f5 15. f3
f4 16. Bf2 a6 17. Rb1 Qg5 18. Qe1 h5 19. Nc4 a5 20. Bh4 Qh6 21. Be7 Rf7 22.
Bxd6 Nxd6 23. Nxd6 Rf8 24. Ncb5 Qg5 25. Nc7 Nf6 26. Nxc8 Raxc8 27. Ne6 Qh6 28.
Nxf8 Bxf8 29. bxa5 bxa5 30. Qxa5 Bc5+ 31. Kh2 Qg5 32. Qe1 h4 33. a5 Nh5 34. Bc4
Ng3 35. d6+ Kg7 36. Be6 Rd8 37. Rf2 Rxd6 38. Rb7+ Kh6 39. Bg8 Qd8 40. Bd5 Bxf2
41. Qxf2 Qxa5 1/2-1/2

[Event "Int. Stuttgarter Stadtmeisterschaft B"]
[Site "Ditzingen"]
[Date "2013.05.10"]
[Round "4.17"]
[White "Vasiliadis, Paraskevas"]
[Black "Hahn, Martin"]
[Result "0-1"]
[WhiteElo "1656"]
[BlackElo "1763"]
[PlyCount "52"]
[EventDate "2013.??.??"]
[WhiteTeam "SF Oeffingen e.V."]
[BlackTeam "SF Oeffingen e.V."]

1. d4 e6 2. Nf3 c5 3. c3 d5 4. Bf4 Nc6 5. Nbd2 Bd6 6. Bxd6 Qxd6 7. e4 cxd4 8.
cxd4 dxe4 9. Nxe4 Qd8 10. Bc4 Nf6 11. Nxf6+ Qxf6 12. O-O O-O 13. Qd2 Rd8 14.
Rfd1 Nxd4 15. Nxd4 e5 16. Qb4 exd4 17. Rd2 b6 18. Rad1 a5 19. Qa4 Bd7 20. Bb5
Bxb5 21. Qxb5 Rd6 22. Re2 h6 23. Re8+ Rxe8 24. Qxe8+ Kh7 25. Qe4+ g6 26. Rd3
Re6 0-1

[Event "Int. Stuttgarter Stadtmeisterschaft B"]
[Site "Ditzingen"]
[Date "2013.05.10"]
[Round "4.18"]
[White "Piskaykin, Bogdan"]
[Black "Zeh, Dominik"]
[Result "1/2-1/2"]
[WhiteElo "1586"]
[BlackElo "1763"]
[PlyCount "84"]
[EventDate "2013.??.??"]
[WhiteTeam "SV Friedrichshafen"]
[BlackTeam "Stuttgarter SF 1879"]

1. e4 e6 2. d4 d5 3. Nc3 Nf6 4. Bg5 Be7 5. e5 Nfd7 6. h4 h6 7. Bxe7 Qxe7 8. f4
a6 9. f5 c5 10. Qg4 cxd4 11. Qxg7 Qf8 12. Qxf8+ Kxf8 13. fxe6 fxe6 14. Nce2 Nc6
15. O-O-O Ndxe5 16. Nxd4 Nxd4 17. Rxd4 Ke7 18. Be2 Bd7 19. Nh3 Raf8 20. Rf4
Rfg8 21. Rg1 Rg3 22. Rf2 Rhg8 23. Nf4 Be8 24. Bh5 Bd7 25. Re2 Kd6 26. Rge1 Nc6
27. Bf7 R8g4 28. Nxe6 Rxg2 29. Rxg2 Rxg2 30. Nf8 Rf2 31. Nxd7 Rxf7 32. Nb6 Rf4
33. Rd1 d4 34. Rh1 Ne5 35. Nc8+ Kd7 36. Re1 Kxc8 37. Rxe5 Rxh4 38. Re7 Kb8 39.
a4 h5 40. b3 Rg4 41. Rh7 h4 42. Kd2 Ka7 1/2-1/2

[Event "Int. Stuttgarter Stadtmeisterschaft B"]
[Site "Ditzingen"]
[Date "2013.05.10"]
[Round "4.19"]
[White "Notz, Lukas"]
[Black "Eylandt, Guenter"]
[Result "1-0"]
[WhiteElo "1757"]
[BlackElo "1504"]
[PlyCount "51"]
[EventDate "2013.??.??"]
[WhiteTeam "SV Dettingen Erms"]
[BlackTeam "SV Rottweil"]

1. d4 d6 2. c4 Nf6 3. Nc3 e6 4. e4 Be7 5. f4 c6 6. e5 Nfd7 7. Nf3 b6 8. Bd3
dxe5 9. fxe5 Bb4 10. g3 Be7 11. O-O f6 12. Ng5 f5 13. Nxe6 g6 14. Nxd8 Kxd8 15.
Bf4 Nf8 16. d5 Bc5+ 17. Kg2 h6 18. e6 Ke7 19. Qe2 Bb7 20. Bxb8 Rxb8 21. Qe5 Nh7
22. Qc7+ Kf6 23. Qf7+ Ke5 24. Rf4 Ng5 25. Re1+ Ne4 26. Rexe4+ 1-0

[Event "Int. Stuttgarter Stadtmeisterschaft B"]
[Site "Ditzingen"]
[Date "2013.05.10"]
[Round "4.20"]
[White "Ziegler, Michael"]
[Black "Rudhart, Michael"]
[Result "1-0"]
[WhiteElo "1658"]
[BlackElo "1890"]
[PlyCount "71"]
[EventDate "2013.??.??"]
[WhiteTeam "SF 59 Kornwestheim"]
[BlackTeam "DJK Stuttgart-Süd"]

1. e4 e6 2. Nf3 d5 3. exd5 exd5 4. d4 Bd6 5. Bd3 Ne7 6. O-O c6 7. Re1 f6 8. c4
O-O 9. c5 Bc7 10. Qc2 g6 11. Bh6 Rf7 12. Nh4 g5 13. Nf5 Bxf5 14. Bxf5 Nxf5 15.
Qxf5 Nd7 16. Nc3 Nf8 17. f4 Bxf4 18. Bxf8 Qxf8 19. Qe6 Bd2 20. Re2 Bxc3 21.
bxc3 Kg7 22. Rae1 Rc8 23. Qf5 b6 24. cxb6 axb6 25. Re6 Rcc7 26. Qb1 b5 27. Re8
Qa3 28. R1e3 Rfe7 29. R8xe7+ Rxe7 30. Rxe7+ Qxe7 31. Kf2 Qe6 32. Qc2 h5 33. a3
f5 34. a4 Qe4 35. Qxe4 dxe4 36. a5 1-0

[Event "Int. Stuttgarter Stadtmeisterschaft B"]
[Site "Ditzingen"]
[Date "2013.05.10"]
[Round "4.21"]
[White "Reichardt, Bernd"]
[Black "Weis, Olga"]
[Result "1-0"]
[WhiteElo "1814"]
[BlackElo "1676"]
[PlyCount "127"]
[EventDate "2013.??.??"]
[WhiteTeam "SF Markgräflerland e."]
[BlackTeam "OSG Baden-Baden"]

1. Nf3 d5 2. c4 c6 3. d4 Nf6 4. Nc3 dxc4 5. e4 b5 6. e5 Nd5 7. Ng5 h6 8. Nge4
Bf5 9. Be2 e6 10. O-O Be7 11. Ng3 Bh7 12. f4 Qd7 13. Bg4 Bd3 14. Rf3 Nb4 15.
Be3 Nc2 16. Bf2 Nxd4 17. Rxd3 cxd3 18. Qxd3 c5 19. Rd1 Nbc6 20. Nxb5 Nb4 21.
Qe4 Rd8 22. Nxd4 cxd4 23. Rxd4 Qc7 24. Rxd8+ Qxd8 25. Bxa7 Qa5 26. Qa8+ Bd8 27.
a3 O-O 28. Qb7 Nd3 29. Be3 Qe1+ 30. Nf1 Qa1 31. Bf3 Qxb2 32. Qxb2 Nxb2 33. Bc5
Be7 34. Bxe7 Rc8 35. Kf2 Rc3 36. Be2 Kh7 37. Bb4 Rc7 38. Ne3 Kg6 39. Kf3 h5 40.
h3 f6 41. exf6 gxf6 42. Kg3 Na4 43. Kh4 Rh7 44. f5+ exf5 45. Nxf5 Rc7 46. Ne7+
Kh6 47. Bxh5 Rc4+ 48. g4 Nb6 49. Bf7 Re4 50. Nf5+ Kh7 51. Kh5 Nd7 52. Bg6+ Kh8
53. Ne7 Re5+ 54. Bf5 Nf8 55. Nc6 Re8 56. Kh6 Kg8 57. a4 Re3 58. h4 Rh3 59. h5
Re3 60. a5 Re8 61. a6 Ra8 62. a7 Re8 63. Ne7+ Kh8 64. Be4 1-0

[Event "Int. Stuttgarter Stadtmeisterschaft B"]
[Site "Ditzingen"]
[Date "2013.05.10"]
[Round "4.22"]
[White "Helmbrecht, Kurt"]
[Black "Klemens, Peter"]
[Result "1/2-1/2"]
[WhiteElo "1657"]
[BlackElo "1811"]
[PlyCount "84"]
[EventDate "2013.??.??"]
[WhiteTeam "SV Fellbach"]
[BlackTeam "Karlsruher SF 1853"]

1. e4 c6 2. Nf3 d5 3. exd5 cxd5 4. d4 a6 5. Be2 e6 6. Bf4 Bd6 7. Bg3 Bxg3 8.
hxg3 h6 9. c4 dxc4 10. Bxc4 Nf6 11. Nc3 Nc6 12. a3 O-O 13. Rc1 b5 14. Ba2 Bb7
15. Bb1 b4 16. axb4 Nxb4 17. Kf1 Nbd5 18. Ne5 Nxc3 19. bxc3 Qd5 20. f3 Rfd8 21.
Qc2 Rac8 22. Rd1 a5 23. Qd2 Ba6+ 24. Kf2 Bc4 25. Rxh6 Qxe5 26. Rh3 Qd5 27. Rdh1
Kf8 28. Qc1 Qd6 29. Rh8+ Ke7 30. Rxd8 Rxd8 31. g4 a4 32. g5 Nd5 33. g6 f6 34.
Rh7 Rg8 35. Qh6 Kd7 36. Rxg7+ Rxg7 37. Qxg7+ Kc6 38. Qa7 Qf4 39. Qc5+ Kd7 40.
Qxc4 Qe3+ 41. Kg3 Qf4+ 42. Kf2 Qe3+ 1/2-1/2

[Event "Int. Stuttgarter Stadtmeisterschaft B"]
[Site "Ditzingen"]
[Date "2013.05.10"]
[Round "4.23"]
[White "Kobald, Matthias"]
[Black "Kappus, Holger"]
[Result "0-1"]
[WhiteElo "1774"]
[BlackElo "1459"]
[PlyCount "74"]
[EventDate "2013.??.??"]
[WhiteTeam "SV Stuttgart-Wolfbusch 1956 e.V."]
[BlackTeam "SC Pforzheim 1906"]

1. e4 b6 2. Nc3 e6 3. Bc4 Bb7 4. d3 Be7 5. Nf3 a5 6. a4 h6 7. Be3 Nf6 8. h3 d6
9. Qd2 Nbd7 10. O-O-O c6 11. Bb3 Qc7 12. g4 g5 13. Rdg1 O-O-O 14. h4 d5 15.
exd5 cxd5 16. Nb5 Qb8 17. Qc3+ Nc5 18. Bd4 Qf4+ 19. Nd2 Kd7 20. Be5 d4 21.
Qxd4+ Qxd4 22. Nxd4 Bxh1 23. Rxh1 Nxb3+ 24. N4xb3 Rdg8 25. Ne4 Nxe4 26. Bxh8
Rxh8 27. dxe4 gxh4 28. Kd1 h5 29. gxh5 Rxh5 30. Rh3 Rg5 31. Rd3+ Ke8 32. Ke2
Rg1 33. Nd2 Rh1 34. Nf3 h3 35. Rd1 Rxd1 36. Kxd1 Bd6 37. e5 Bxe5 0-1

[Event "Int. Stuttgarter Stadtmeisterschaft B"]
[Site "Ditzingen"]
[Date "2013.05.10"]
[Round "4.24"]
[White "Sampalla, Simon"]
[Black "Munk, Werner"]
[Result "1/2-1/2"]
[WhiteElo "1473"]
[BlackElo "1732"]
[PlyCount "56"]
[EventDate "2013.??.??"]
[WhiteTeam "SC Gross-Sachsenheim"]
[BlackTeam "TSV Heumaden"]

1. d4 Nf6 2. c4 g6 3. Nc3 Bg7 4. Nf3 O-O 5. Bg5 d6 6. e3 Bf5 7. Bxf6 Bxf6 8.
Bd3 Bxd3 9. Qxd3 Na6 10. a3 c5 11. Ne4 Bg7 12. O-O Rc8 13. Rab1 d5 14. Ned2
cxd4 15. exd4 dxc4 16. Nxc4 Nc5 17. Qe3 Na4 18. b3 b5 19. Nce5 Nb6 20. Rfc1 Qd6
21. b4 Rfd8 22. Rxc8 Rxc8 23. Rc1 Rxc1+ 24. Qxc1 Bxe5 25. dxe5 Qd5 26. h3 Kg7
27. Qc7 Qd7 28. Qxd7 Nxd7 1/2-1/2

[Event "Int. Stuttgarter Stadtmeisterschaft B"]
[Site "Ditzingen"]
[Date "2013.05.10"]
[Round "4.25"]
[White "Hartmann, Anatoli"]
[Black "Meissner, Michael"]
[Result "1/2-1/2"]
[WhiteElo "1684"]
[BlackElo "1885"]
[PlyCount "89"]
[EventDate "2013.??.??"]
[WhiteTeam "SC Gross-Sachsenheim"]

1. d4 Nf6 2. Bf4 e6 3. e3 d5 4. Nf3 Bd6 5. Ne5 Nbd7 6. Nxd7 Qxd7 7. Bxd6 Qxd6
8. c3 O-O 9. Be2 Re8 10. f4 Ne4 11. O-O b6 12. Qc2 c5 13. Nd2 Nxd2 14. Qxd2 Bb7
15. Rad1 c4 16. Qe1 b5 17. Bf3 a5 18. a3 g6 19. g4 b4 20. Ra1 bxc3 21. Qxc3 a4
22. Bd1 Bc6 23. Kf2 Qd8 24. Kg3 Rb8 25. Rb1 Qd6 26. h4 f6 27. g5 e5 28. fxe5
fxe5 29. Rf6 exd4+ 30. Rxd6 dxc3 31. Rxc6 Rxe3+ 32. Kf2 Rxb2+ 33. Kxe3 Rxb1 34.
Bxa4 Rb2 35. Rc8+ Kf7 36. Kd4 c2 37. Bxc2 Rxc2 38. Kxd5 Rd2+ 39. Ke4 Re2+ 40.
Kd4 Rh2 41. Rxc4 Rxh4+ 42. Kd5 Rh3 43. Ra4 Rg3 44. Ra7+ Kf8 45. Ra8+ 1/2-1/2

[Event "Int. Stuttgarter Stadtmeisterschaft B"]
[Site "Ditzingen"]
[Date "2013.05.10"]
[Round "4.26"]
[White "Häfele, Torsten"]
[Black "Petitto, Francesco"]
[Result "1-0"]
[WhiteElo "1855"]
[BlackElo "1663"]
[PlyCount "55"]
[EventDate "2013.??.??"]
[WhiteTeam "SVG Vaihingen/Enz"]
[BlackTeam "SK Sontheim/Brenz e.V."]

1. e4 e6 2. d4 d5 3. e5 c5 4. c3 Nc6 5. Nf3 Bd7 6. Bd3 Qb6 7. O-O cxd4 8. cxd4
Nxd4 9. Nxd4 Qxd4 10. Qe2 Ne7 11. Nc3 Nc6 12. Re1 Nxe5 13. Qxe5 Qxd3 14. Nxd5
f6 15. Nxf6+ gxf6 16. Qxf6 Rg8 17. Rxe6+ Bxe6 18. Qxe6+ Be7 19. Qxg8+ Kd7 20.
Qg4+ Ke8 21. Be3 Rd8 22. Re1 Qb5 23. Bg5 Rd7 24. Qh5+ Kd8 25. Bxe7+ Rxe7 26.
Qxb5 Rxe1+ 27. Qf1 Rxf1+ 28. Kxf1 1-0

[Event "Int. Stuttgarter Stadtmeisterschaft B"]
[Site "Ditzingen"]
[Date "2013.05.10"]
[Round "4.27"]
[White "Pillath, Marcus"]
[Black "Ellinger, Harald"]
[Result "0-1"]
[WhiteElo "1654"]
[BlackElo "1854"]
[PlyCount "110"]
[EventDate "2013.??.??"]
[WhiteTeam "SGem Vaihingen-Rohr"]
[BlackTeam "SK e4 Gerlingen"]

1. Nf3 Nf6 2. d4 d5 3. Bf4 e6 4. e3 Bd6 5. Bxd6 Qxd6 6. c3 O-O 7. Nbd2 Nbd7 8.
Rc1 c6 9. Bd3 Re8 10. O-O e5 11. dxe5 Nxe5 12. Nxe5 Rxe5 13. Nf3 Bg4 14. Be2
Rh5 15. h3 Bxf3 16. Bxf3 Rh6 17. c4 Qe5 18. cxd5 cxd5 19. Qb3 b6 20. Qc3 Qxc3
21. Rxc3 Ne4 22. Bxe4 dxe4 23. Rfc1 Re6 24. Kf1 g6 25. Rc8+ Rxc8 26. Rxc8+ Kg7
27. Rc7 a5 28. a3 Kf6 29. Ke2 Rd6 30. Rc2 h5 31. Rc3 Ke6 32. Rc2 g5 33. Rc4 f5
34. Rc3 f4 35. exf4 gxf4 36. Rc4 Ke5 37. Rc2 h4 38. Rc1 Rg6 39. Kf1 Rd6 40. Ke2
Rg6 41. Kf1 Kd4 42. Rc2 e3 43. fxe3+ fxe3 44. Rc1 Rf6+ 45. Kg1 e2 46. b4 axb4
47. axb4 Kd3 48. Ra1 b5 49. Ra3+ Kc4 50. Ra1 Kc3 51. g3 hxg3 52. h4 Kxb4 53.
Kg2 Kc3 54. Kxg3 Rf1 55. Ra3+ Kb4 0-1